所在する市名に改称した駅 - Statistics

General Stats
  • This quiz has been taken 30 times
  • The average score is 17 of 123
Answer Stats
市制施行日 駅名改称日 都道府県 改称前駅名 改称後駅名 備考 % Correct
1954/03/20 2020/03/14 茨城県 龍ヶ崎市 佐貫 龍ケ崎市
72%
1966/10/01 1994/12/03 福島県 いわき市 いわき
52%
1972/10/01 1995/09/01 京都府 長岡京市 神足 長岡京
44%
1925/04/01 2007/03/18 兵庫県 西宮市 西ノ宮 西宮
44%
1889/12/15 1927/03/01 愛媛県 松山市 松山 松山市
40%
1997/04/01 1997/03/08 京都府 京田辺市 田辺 京田辺
40%
1947/10/01 1997/04/01 北海道 留萌市 留萠 留萌
40%
1954/04/01 1954/04/01 大阪府 河内長野市 長野 河内長野
36%
1959/01/01 1959/10/01 愛知県 豊田市 挙母 豊田市
36%
1889/04/01 1968/03/01 和歌山県 和歌山市 東和歌山 和歌山
36%
1951/05/03 1951/08/20 大阪府 寝屋川市 寝屋川 寝屋川市
32%
1949/05/03 1966/06/01 埼玉県 行田市 行田 行田市
32%
1958/02/01 1980/04/01 東京都 町田市 原町田 町田
32%
1952/04/01 1990/04/01 兵庫県 西脇市 野村 西脇市
32%
1991/10/01 2004/03/13 奈良県 香芝市 下田 香芝
32%
1902/06/01 1902/06/01 山口県 下関市 馬関 下関
28%
1929/05/01 1971/04/01 青森県 八戸市 尻内 八戸
28%
1955/01/01 1987/03/09 神奈川県 秦野市 大秦野 秦野
28%
1924/02/11 1934/12/01 静岡県 清水市 江尻 清水
24%
1942/04/01 1942/07/01 大阪府 泉大津市 大津 泉大津
24%
1948/04/01 1948/04/01 大阪府 泉佐野市 佐野 泉佐野
24%
1946/11/01 1971/06/20 大阪府 守口市 守口 守口市
24%
1977/11/01 1977/11/01 京都府 八幡市 八幡町 八幡市 改称前
24%
1954/11/01 1999/12/04 山形県 村山市 楯岡 村山
24%
1922/12/01 1922/12/01 埼玉県 川越市 川越町 川越市
20%
1933/04/01 1934/02/15 埼玉県 川口市 川口町 川口
20%
1942/06/10 1942/10/01 北海道 北見市 野付牛 北見
20%
1954/04/01 1954/11/10 岩手県 北上市 黒沢尻 北上
20%
1955/01/01 1959/07/15 三重県 伊勢市 山田 伊勢市
20%
1956/10/10 1969/05/15 青森県 十和田市 三本木 十和田市
20%
1955/01/01 1970/10/01 島根県 平田市 雲州平田 平田市 改称前
20%
1970/10/31 1970/12/20 埼玉県 和光市 大和町 和光市
20%
1954/01/01 1971/02/01 島根県 大田市 石見大田 大田市
20%
1971/11/03 1977/11/01 大阪府 交野市 交野 交野市
20%
1987/10/01 2000/12/23 大阪府 大阪狭山市 狭山遊園前 大阪狭山市
20%
1943/01/01 1943/01/01 大阪府 高槻市 高槻町 高槻市
16%
1948/01/01 1948/01/01 大阪府 茨木市 茨木町 茨木市
16%
1947/03/15 1948/08/01 徳島県 鳴門市 撫養 鳴門
16%
1916/04/01 1949/01/01 兵庫県 尼崎市 神崎 尼崎
16%
1950/05/03 1950/05/03 千葉県 野田市 野田町 野田市
16%
1954/04/01 1954/11/10 長野県 伊那市 伊那町 伊那市
16%
1954/04/01 1954/11/10 岐阜県 美濃市 美濃町 美濃市
16%
1954/04/01 1956/04/10 富山県 黒部市 三日市 黒部
16%
1941/11/03 1957/04/01 島根県 出雲市 出雲今市 出雲市
16%
1954/07/01 1959/10/01 千葉県 旭市 旭町
16%
1954/04/01 1963/05/25 奈良県 天理市 丹波市 天理市
16%
1955/02/01 1965/07/01 岐阜県 土岐市 土岐津 土岐市
16%
1963/08/01 1975/03/23 大阪府 門真市 新門真 門真市
16%
1976/09/01 1976/09/01 埼玉県 坂戸市 坂戸町 坂戸
16%
1982/04/01 1982/04/01 岐阜県 可児市 広見 可児
16%
1972/04/01 1987/02/01 岩手県 二戸市 北福岡 二戸
16%
1972/05/05 1987/03/31 東京都 秋川市 西秋留 秋川
16%
1972/04/01 1989/03/11 福岡県 大野城市 白木原 大野城
16%
1898/10/01 1913/06/01 滋賀県 大津市 馬場 大津 改称前
12%
1897/08/01 1919年以前 三重県 四日市市 四日市 四日市市
12%
1921/01/01 1924/08/25 栃木県 足利市 足利町 足利市
12%
1939/09/01 1939/10/20 茨城県 日立市 助川 日立
12%
1941/09/10 1941/09/10 三重県 上野市 上野町 上野市
12%
1940/04/01 1942/04/01 山口県 岩国市 麻里布 岩国
12%
1943/04/01 1943/04/01 栃木県 佐野市 佐野町 佐野市
12%
1947/08/01 1949/10/01 大阪府 枚方市 枚方東口 枚方市
12%
1950/04/01 1952/03/01 愛知県 刈谷市 刈谷町 刈谷市
12%
1954/03/31 1961/03/20 福島県 相馬市 中村 相馬
12%
1921/11/01 1964/10/01 山口県 宇部市 西宇部 宇部
12%
1954/04/01 1965/09/01 奈良県 天理市 天理市 天理
12%
1966/11/01 1966/12/01 大阪府 高石市 高石町 高石
12%
1953/10/01 1972/02/14 鳥取県 倉吉市 上井 倉吉
12%
1954/07/01 1979/03/25 埼玉県 狭山市 入間川 狭山市
12%
1950/10/15 1986/12/11 岐阜県 関市 美濃関
12%
1970/12/01 1990/11/01 宮崎県 えびの市 加久藤 えびの
12%
1938/08/01 1939/06/01 京都府 東舞鶴市 新舞鶴 東舞鶴
8%
1942/10/01 1942/10/01 兵庫県 相生市 那波 相生
8%
1921/11/01 1943/05/01 山口県 宇部市 宇部新川 宇部
8%
1943/06/01 1946/05/01 愛知県 春日井市 鳥居松 春日井
8%
1950/04/01 1951/03/01 宮崎県 小林市 小林町 小林
8%
1954/03/31 1956/12/20 広島県 府中市 府中町 府中
8%
1955/01/01 1957/02/27 愛媛県 伊予市 南郡中 伊予市
8%
1954/07/01 1959/10/01 長野県 駒ヶ根市 赤穂 駒ケ根
8%
1954/07/01 1962/01/15 山梨県 山梨市 日下部 山梨市
8%
1936/08/25 1962/11/01 山口県 防府市 三田尻 防府
8%
1958/10/01 1963/05/25 宮城県 名取市 増田 名取
8%
1954/03/31 1968/04/01 秋田県 男鹿市 船川 男鹿
8%
1954/06/01 1981/11/10 愛知県 江南市 古知野 江南
8%
1940/02/11 1940/10/01 鹿児島県 川内市 川内町 川内
4%
1899/04/01 1942/04/01 福岡県 門司市 大里 門司
4%
1939/11/03 1946/03/01 千葉県 館山市 安房北条 館山
4%
1948/04/05 1954/04/01 愛知県 碧南市 大浜港 碧南
4%
1954/07/01 1954/10/01 埼玉県 東松山市 武州松山 東松山
4%
1954/03/31 1954/12/10 広島県 三次市 備後十日市 三次
4%
1948/04/01 1956/04/10 静岡県 吉原市 鈴川 吉原
4%
1954/07/10 1956/12/20 福島県 内郷市 内郷
4%
1954/11/03 1959/07/15 三重県 熊野市 紀伊木本 熊野市
4%
1954/05/01 1959/10/01 東京都 昭島市 昭和前 昭島
4%
1958/09/01 1961/03/01 青森県 三沢市 古間木 三沢
4%
1954/03/31 1962/11/01 山口県 長門市 正明市 長門市
4%
1942/12/01 1963/04/08 三重県 鈴鹿市 伊勢神戸 鈴鹿市
4%
1954/04/01 1963/11/01 岐阜県 恵那市 大井 恵那
4%
1889/04/01 1965/03/01 大阪府 堺市 金岡 堺市
4%
1966/11/01 1967/04/01 埼玉県 入間市 豊岡町 入間市
4%
1970/11/01 1976/04/01 新潟県 豊栄市 葛塚 豊栄
4%
1970/11/01 1980/10/01 山口県 新南陽市 周防富田 新南陽
4%
1889/12/15 1902/06/01 愛媛県 松山市 外側 松山 改称前
0%
1897/08/01 1924/10/01 三重県 四日市市 新四日市 四日市
0%
1934/05/01 1936/07/01 和歌山県 海南市 日方町 海南
0%
1922/12/01 1940/07/22 埼玉県 川越市 川越西町 川越
0%
1942/06/01 1942/10/01 静岡県 富士宮市 大宮町 富士宮
0%
1942/04/01 1943/06/15 熊本県 荒尾市 万田 荒尾
0%
1950/01/01 1952/01/01 宮崎県 日南市 吾田 日南
0%
1954/04/01 1954/10/01 岐阜県 美濃市 新美濃町 美濃
0%
1954/04/01 1954/11/10 富山県 砺波市 出町 砺波
0%
1954/04/01 1956/04/10 熊本県 玉名市 高瀬 玉名
0%
1958/08/01 1958/08/25 熊本県 菊池市 隈府 菊池
0%
1954/04/01 1959/04/01 岐阜県 羽島市 西竹鼻 羽島 改称前
0%
1955/03/31 1959/10/01 長崎県 松浦市 志佐 松浦
0%
1954/11/03 1959/10/01 宮崎県 串間市 福島仲町 串間
0%
1954/03/31 1959/11/01 岡山県 総社市 西総社 総社
0%
1951/04/01 1963/05/25 宮崎県 日向市 富高 日向市
0%
1954/03/31 1963/10/01 山口県 美祢市 吉則 美祢
0%
1954/04/29 1965/03/01 山梨県 都留市 谷村横町 都留市
0%
1928/04/01 1970/04/01 岡山県 倉敷市 社倉敷 倉敷市
0%
1970/12/01 1971/11/01 愛知県 尾張旭市 旭新居 尾張旭
0%
1963/07/01 1977/08/01 静岡県 浜北市 遠州貴布禰 浜北
0%
1970/10/01 1979/03/25 東京都 東大和市 青梅橋 東大和市
0%
No matching quizzes found
Score Distribution
Percent of People with Each Score
Percentile by Number Answered
Your Score History
You have not taken this quiz